Statistics for Biggest Coastal cities of The Mediterranean

Click here to take the quiz!

General Stats

  • This quiz has been taken 241 times
    (163 since last reset)
  • The average score is 22 of 27

Answer Stats

CountryPopulationCity% Correct
Algeria2,364,230Algiers
100%
Egypt5,107,530Alexandria
99%
Spain1,636,762Barcelona
99%
Italy962,589Naples
94%
Greece664,046Athens
93%
France863,310Marseille
93%
Israel460,613Tel Aviv
92%
Libya591,062Tripoli
92%
France340,017Nice
91%
Turkey2,956,772Izmir
90%
Spain794,288Valencia
90%
Lebanon361,366Beirut
89%
Italy657,960Palermo
87%
Italy574,090Genoa
84%
Spain574,654Málaga
84%
Italy322,316Bari
83%
Palestine/Israel629,723Gaza
82%
Greece315,196Thessaloniki
78%
Algeria803,329Oran
76%
Turkey1,240,891Antalya
75%
Libya446,250Benghazi
72%
Italy311,402Catania
66%
Spain416,065Palma
62%
Spain334,887Alicante
60%
Egypt760,152Port Said
59%
Syria383,786Latakia
34%
Turkey996,494Mersin
33%

Score Distribution

Percentile by Number Answered

Percent of People with Each Score

Your Score History

You have not taken this quiz since the last reset